Predstavujeme a hodnotíme slovenské vína - Sauvignon

Bibliographic Details
Main Author: Hronský, Vladimír, 1975- (Author)
Format: Article
Language:Slovak

MARC

LEADER 00000nab a2200000 a 4500
001 vtls011104599
003 SK-MaSNL
005 20260319100200.0
008 230222|2001 xo |||||||||||||||||slo|
015 |a SNBRB 
035 |a (uuid)3bd5db62-09ac-4948-aa7c-c353f87ea4f1 
035 |a (urnnbn)urn:nbn:sk:snk:ar-a087b8 
035 |a urn:nbn:sk:snk-ab9b0n 
040 |a SNKBUCL  |b slo  |c SNKBUCL  |e AACR2 
041 0 |a slo 
044 |a xo  |c SK 
100 1 |a Hronský, Vladimír,   |d 1975-  |4 aut  |9 1635121 
245 1 0 |a Predstavujeme a hodnotíme slovenské vína - Sauvignon  |c Vladimír Hronský 
773 0 |t Vinič a víno : odborný časopis pre vinohradníkov a vinárov  |g Roč. 1, č. 3 (2001), s. [59] 
954 |a odborná, vedecká literatúra pôvodná (slovenská)  |2 lita 
958 |a OND 
958 |a EUIPO 
958 |a article13 
999 |c 1987331  |d 1989261